| 000 | 00785nam a22002177a 4500 | ||
|---|---|---|---|
| 999 |
_c6511 _d6511 |
||
| 003 | AR-CdUCM | ||
| 008 | 190318b ||||| |||| 00| 0 spa d | ||
| 020 | _a84-7605-022-4 | ||
| 040 |
_aMUNICIPALIDAD PROVINCIAL DEL CUSCO _cBIBLIOTECA MUNICIPAL DEL CUSCO |
||
| 082 |
_a415 / _bM95 |
||
| 245 |
_aEl Mundo de La Gramática : _bCurso Teórico Práctico / |
||
| 260 |
_aBarcelona : _bEmalsa ; _c1984. |
||
| 300 |
_a96 páginas ; _bFotografías, ilustraciones _c31cm |
||
| 505 | _aContenido: El lenguaje y la lengua -- Fonología y fonética -- La sílaba -- El acento -- Reglas ortográficas... | ||
| 650 |
_aLenguaje _93528 |
||
| 650 |
_aFonética _911261 |
||
| 650 |
_aGramática _99175 |
||
| 700 |
_aBarone, Luis Roberto (director ) _918429 |
||
| 942 |
_2ddc _cLIBROS |
||
| 945 | _anom | ||